000 00986nam a2200217Ia 4500
003 OSt
005 20241119144930.0
007 ca aa aaaaa
008 201103s9999 xx 000 0 und d
040 _cSSBUL
041 _abur
082 _223
_a၂၉၄.၃၄၃၅၀၉
_b၉၁၆၀ S-SAT
100 0 _aအုန်းကြိုင်၊ ဦး၊ ဟံသာဝတီ-
_917302
245 1 0 _aသာဓုဆံတော်ရှင် /
_cဟံသာဝတီ ဦးအုန်းကြိုင်။
260 _aရန်ကုန် ၊
_bယုံကြည်ချက်စာပေ၊
_c၂၀၀၅။
300 _a၃၂၁ စာမျက်နှာ ၊
_bဓါတ်ပုံများ ၊
_c၂၅ စင်တီ။
500 _aS-SAT: Dr. Sai Aung Tun
650 _aစေတီပုထိုး
_zမြန်မာနိုင်ငံ
650 _aသာဓုဆံတော််ရှင်
_vသမိုင်း
_955329
942 _2ddc
_cBK1
999 _c16677
_d16677